00215nam a2200097Ia 4500008004100000082001400041100001700055245001700072260002000089600000800109241002s9999 xx 000 0 und d a792.2 SHA aShaw Bernand 0aMan Superman aNew York:c1957 aArt